[Event "ZI-2021-0-02707"]
[Site "LSS email"]
[Date "2021.12.12"]
[Round "?"]
[White "Krol, Wladyslaw"]
[Black "Detchin, Yrij Vladimirovich"]
[Result "1/2-1/2"]
[WhiteElo "1786"]
[BlackElo "1800"]
[PlyCount "67"]
[EventDate "2021.10.18"]
[EventType "match (corr)"]
[EventRounds "2"]
[EventCountry "GER"]
[SourceTitle "Corr 2024"]
[Source "ChessBase"]
[SourceDate "2023.10.19"]
[SourceVersion "1"]
[SourceVersionDate "2023.10.19"]
[SourceQuality "1"]

1. e4 e5 2. f4 exf4 3. Nf3 g5 4. d4 g4 5. Ne5 Qh4+ 6. g3 fxg3 7. Qxg4 Qxg4 8. Nxg4 Nc6 9. c3 d5 10. exd5 Nxd4 11. cxd4 Bxg4 12. hxg3 0-0-0 13. Nc3 h5 14. Bg5 Be7 15. Bf4 Bd6 16. Bxd6 Rxd6 17. Rc1 Nf6 18. Bg2 Ne8 19. 0-0 f5 20. Na4 b6 21. Nc3 Rd7 22. a4 Rg7 23. Kf2 f4 24. gxf4 h4 25. Ne4 h3 26. Rh1 Kb8 27. Bf3 Rf8 28. Bxg4 Rxg4 29. Ke3 Rfxf4 30. Nf2 Rh4 31. Rxh3 Nf6 32. Rxh4 Nxd5+ 33. Kd3 Rxh4 34. Rh1 1/2-1/2

[Event "LSS RC-2021-0-00257"]
[Site "LSS email"]
[Date "2021.11.04"]
[Round "?"]
[White "Baltar, Antoni"]
[Black "Krol, Wladyslaw"]
[Result "1-0"]
[WhiteElo "1774"]
[BlackElo "1780"]
[PlyCount "115"]
[EventDate "2021.04.25"]
[EventType "tourn (corr)"]
[EventRounds "6"]
[EventCountry "GER"]
[SourceTitle "Corr 2024"]
[Source "ChessBase"]
[SourceDate "2023.10.19"]
[SourceVersion "1"]
[SourceVersionDate "2023.10.19"]
[SourceQuality "1"]

1. e4 e5 2. Bc4 Nf6 3. d4 exd4 4. Nf3 Nc6 5. 0-0 Nxe4 6. Re1 d5 7. Bxd5 Qxd5 8. Nc3 Qa5 9. Nxe4 Be6 10. Neg5 Be7 11. Nxe6 fxe6 12. Rxe6 0-0-0 13. Ne5 Nxe5 14. Rxe7 Rd7 15. Rxd7 Nxd7 16. h3 Qe5 17. Bd2 Nf6 18. Qf3 Qd5 19. Qa3 a6 20. Re1 Rd8 21. Re7 Qc4 22. Qg3 Qxc2 23. Qxg7 d3 24. Be3 Nd7 25. Qxh7 Qe2 26. Bg5 d2 27. Rxd7 d1Q+ 28. Rxd1 Rxd1+ 29. Kh2 b6 30. Bf4 Rd7 31. Qh8+ Kb7 32. Be3 Qc4 33. Qe8 Rd1 34. b3 Qd5 35. Bf4 Qc6 36. Qe3 Qc2 37. g4 Ka7 38. Kg2 Qc6+ 39. f3 Qc2+ 40. Qf2 Qc3 41. Qe2 Re1 42. Qc4 Qb2+ 43. Kg3 Rg1+ 44. Kh4 Qf6+ 45. Kh5 c5 46. Qe4 Qf7+ 47. Kg5 Rh1 48. Kh4 a5 49. Bg5 Qg8 50. Bf6 Rh2 51. f4 Rxa2 52. g5 Qxb3 53. g6 Rh2 54. Qf5 Qc4 55. Kh5 Rd2 56. g7 a4 57. Be5 Qg8 58. Kh6 1-0

[Event "ZI-2021-0-02684"]
[Site "LSS email"]
[Date "2021.04.24"]
[Round "?"]
[White "Krol, Wladyslaw"]
[Black "D'Oliveira, Marcos Arruda"]
[Result "1-0"]
[WhiteElo "1743"]
[BlackElo "1719"]
[PlyCount "47"]
[EventDate "2021.04.19"]
[EventType "match (corr)"]
[EventRounds "2"]
[EventCountry "GER"]
[SourceTitle "Corr 2024"]
[Source "ChessBase"]
[SourceDate "2023.10.19"]
[SourceVersion "1"]
[SourceVersionDate "2023.10.19"]
[SourceQuality "1"]

1. e4 e5 2. f4 exf4 3. Nf3 d5 4. exd5 Nf6 5. c4 c6 6. d4 cxd5 7. c5 Be7 8. Bb5+ Bd7 9. Bxd7+ Nbxd7 10. Bxf4 Ne4 11. 0-0 0-0 12. Nc3 Ndf6 13. Qb3 b6 14. c6 Bd6 15. Be5 Nxc3 16. Qxc3 Ne4 17. Qb3 Bxe5 18. dxe5 Rc8 19. Rac1 Nc5 20. Qe3 a5 21. Nd4 Qc7 22. Nf5 Rce8 23. Qg5 g6 24. Nh6+ 1-0

[Event "RB-2020-0-00397"]
[Site "LSS email"]
[Date "2020.12.09"]
[Round "?"]
[White "Krol, Wladyslaw"]
[Black "Farr, Dorota"]
[Result "1/2-1/2"]
[WhiteElo "1803"]
[BlackElo "1821"]
[PlyCount "47"]
[EventDate "2020.07.27"]
[EventType "tourn (corr)"]
[EventRounds "6"]
[EventCountry "GER"]
[SourceTitle "Corr 2022"]
[Source "ChessBase"]
[SourceDate "2021.10.24"]
[SourceVersion "1"]
[SourceVersionDate "2021.10.24"]
[SourceQuality "1"]

1. e4 c5 2. f4 d5 3. Nf3 dxe4 4. Ng5 Nf6 5. Bc4 Bg4 6. Bxf7+ Kd7 7. Qxg4+ Nxg4 8. Be6+ Kc6 9. Bxg4 e5 10. Nf7 Qe8 11. Nxe5+ Kc7 12. Nc3 Bd6 13. Nc4 b5 14. Nxd6 Kxd6 15. d3 exd3+ 16. Kf2 Kc7 17. Re1 Qd8 18. Nxb5+ Kb6 19. Re6+ Kxb5 20. a4+ Kc4 21. Ra3 Qh4+ 22. Kf3 dxc2 23. Rc3+ Kd5 24. Rd3+ 1/2-1/2

[Event "RB-2020-0-00397"]
[Site "LSS email"]
[Date "2020.12.09"]
[Round "?"]
[White "Lipsits, Sasha"]
[Black "Krol, Wladyslaw"]
[Result "1-0"]
[WhiteElo "1911"]
[BlackElo "1803"]
[PlyCount "85"]
[EventDate "2020.07.27"]
[EventType "tourn (corr)"]
[EventRounds "6"]
[EventCountry "GER"]
[SourceTitle "Corr 2022"]
[Source "ChessBase"]
[SourceDate "2021.10.24"]
[SourceVersion "1"]
[SourceVersionDate "2021.10.24"]
[SourceQuality "1"]

1. d4 d5 2. c4 e6 3. Nc3 Nf6 4. Nf3 c5 5. cxd5 exd5 6. Bg5 Nc6 7. Bxf6 gxf6 8. e3 Be6 9. Bb5 c4 10. 0-0 Qb6 11. Rb1 a6 12. Ba4 0-0-0 13. b3 Qa5 14. Qc1 Nb4 15. a3 Nd3 16. Qd2 Rg8 17. b4 Qc7 18. Bc2 Bh3 19. g3 Bxf1 20. Kxf1 Kb8 21. Kg2 b5 22. Bxd3 cxd3 23. Qxd3 h5 24. h4 Qc4 25. Ne1 Bd6 26. a4 bxa4 27. Nxa4 Rde8 28. Qd2 f5 29. Nd3 f4 30. exf4 Qxd4 31. Nac5 Ka7 32. Qc2 Rc8 33. Qe2 Rh8 34. Rd1 Qc4 35. Rc1 Qd4 36. Rd1 Qc4 37. Rc1 Qd4 38. Qa2 Bxc5 39. Nxc5 Rh6 40. Re1 Qc4 41. Re7+ Ka8 42. Qb1 Rb6 43. Qf5 1-0

[Event "RC-2020-0-00249"]
[Site "LSS email"]
[Date "2020.11.24"]
[Round "?"]
[White "Krol, Wladyslaw"]
[Black "Nowak, Andrzej"]
[Result "1/2-1/2"]
[WhiteElo "1782"]
[BlackElo "1617"]
[PlyCount "51"]
[EventDate "2020.08.31"]
[EventType "tourn (corr)"]
[EventRounds "6"]
[EventCountry "GER"]
[SourceTitle "Corr 2022"]
[Source "ChessBase"]
[SourceDate "2021.10.24"]
[SourceVersion "1"]
[SourceVersionDate "2021.10.24"]
[SourceQuality "1"]

1. e4 Nc6 2. Bc4 Nf6 3. d3 e6 4. Nd2 d5 5. Bb5 Bd7 6. Ngf3 a6 7. Bxc6 Bxc6 8. e5 Nd7 9. Qe2 b6 10. Nf1 Be7 11. h4 0-0 12. N1h2 Bb7 13. h5 h6 14. Ng4 a5 15. Qe3 Kh8 16. d4 f5 17. exf6 Bxf6 18. Bd2 c5 19. 0-0-0 Qc7 20. Bc3 e5 21. dxe5 d4 22. exf6 Nxf6 23. Qe5 Qf7 24. Nxf6 dxc3 25. Qxc3 Qxf6 26. Qxf6 1/2-1/2

[Event "ZI-2020-0-02666"]
[Site "LSS email"]
[Date "2020.10.13"]
[Round "?"]
[White "Krol, Wladyslaw"]
[Black "Tsiganok, Gleb"]
[Result "1-0"]
[WhiteElo "1781"]
[BlackElo "1600"]
[PlyCount "49"]
[EventDate "2020.09.10"]
[EventType "match (corr)"]
[EventRounds "2"]
[EventCountry "GER"]
[SourceTitle "Corr 2022"]
[Source "ChessBase"]
[SourceDate "2021.10.24"]
[SourceVersion "1"]
[SourceVersionDate "2021.10.24"]
[SourceQuality "1"]

1. e4 e5 2. Nf3 Nc6 3. Bc4 Nf6 4. d3 Be7 5. h4 d6 6. Ng5 0-0 7. Nc3 Na5 8. Bb3 Nxb3 9. axb3 h6 10. Bd2 Bg4 11. f3 Bd7 12. Qe2 Nh5 13. Qf2 Nf4 14. g3 Ng6 15. Nh3 f5 16. 0-0-0 fxe4 17. dxe4 a5 18. f4 exf4 19. gxf4 a4 20. Rdg1 Nxh4 21. f5 axb3 22. Bxh6 Ra1+ 23. Kd2 Rxg1 24. Rxg1 Rf7 25. Ng5 1-0

[Event "ZI-2020-0-02666"]
[Site "LSS email"]
[Date "2020.10.13"]
[Round "?"]
[White "Tsiganok, Gleb"]
[Black "Krol, Wladyslaw"]
[Result "0-1"]
[WhiteElo "1600"]
[BlackElo "1781"]
[PlyCount "52"]
[EventDate "2020.09.10"]
[EventType "match (corr)"]
[EventRounds "2"]
[EventCountry "GER"]
[SourceTitle "Corr 2022"]
[Source "ChessBase"]
[SourceDate "2021.10.24"]
[SourceVersion "1"]
[SourceVersionDate "2021.10.24"]
[SourceQuality "1"]

1. e4 e5 2. Nf3 Nc6 3. d4 exd4 4. Nxd4 Nf6 5. Bc4 Nxe4 6. Bxf7+ Kxf7 7. Qh5+ g6 8. Qd5+ Kg7 9. Nxc6 Qe8 10. Qe5+ Qxe5 11. Nxe5 Bb4+ 12. c3 Bc5 13. Be3 Re8 14. Nd3 Nxf2 15. Kxf2 Bxe3+ 16. Kf3 b6 17. Na3 Bb7+ 18. Kg3 Bd2 19. Nc4 Re2 20. Rhg1 Rae8 21. Rad1 Be3 22. Nxe3 R8xe3+ 23. Kf4 h6 24. h4 d6 25. Rde1 Re4+ 26. Kg3 R2e3+ 0-1

[Event "RC-2020-0-00247"]
[Site "LSS email"]
[Date "2020.10.07"]
[Round "?"]
[White "Farr, Dorota"]
[Black "Krol, Wladyslaw"]
[Result "1/2-1/2"]
[WhiteElo "1636"]
[BlackElo "1781"]
[PlyCount "64"]
[EventDate "2020.07.09"]
[EventType "tourn (corr)"]
[EventRounds "6"]
[EventCountry "GER"]
[SourceTitle "Corr 2022"]
[Source "ChessBase"]
[SourceDate "2021.10.24"]
[SourceVersion "1"]
[SourceVersionDate "2021.10.24"]
[SourceQuality "1"]

1. d4 d5 2. e4 dxe4 3. Nc3 Nf6 4. f3 Bf5 5. g4 Bg6 6. g5 Nd5 7. Nxe4 e6 8. h4 Nc6 9. Bb5 Qd7 10. h5 Bf5 11. c3 Nb6 12. Ne2 a6 13. Bd3 0-0-0 14. N2g3 Bxe4 15. Bxe4 f5 16. Bc2 Bd6 17. f4 Kb8 18. Qf3 h6 19. g6 Ne7 20. b3 Rhe8 21. Bd2 c5 22. dxc5 Bxc5 23. 0-0-0 Qc6 24. Qxc6 Nxc6 25. Ne2 Nd5 26. b4 Ba7 27. a4 Kc7 28. a5 Ne3 29. Bxe3 Bxe3+ 30. Kb1 Rxd1+ 31. Rxd1 Rd8 32. Rxd8 Nxd8 1/2-1/2

[Event "RC-2020-0-00244"]
[Site "LSS email"]
[Date "2020.08.02"]
[Round "?"]
[White "Langheld, Werner"]
[Black "Krol, Wladyslaw"]
[Result "0-1"]
[WhiteElo "1743"]
[BlackElo "1773"]
[PlyCount "64"]
[EventDate "2020.03.22"]
[EventType "tourn (corr)"]
[EventRounds "6"]
[EventCountry "GER"]
[SourceTitle "Corr 2022"]
[Source "ChessBase"]
[SourceDate "2021.10.24"]
[SourceVersion "1"]
[SourceVersionDate "2021.10.24"]
[SourceQuality "1"]

1. d4 d5 2. e4 dxe4 3. Nc3 Nf6 4. f3 exf3 5. Nxf3 g6 6. Bf4 Bg7 7. Qd2 0-0 8. 0-0-0 a5 9. Ne5 a4 10. Bc4 a3 11. b3 Nbd7 12. Nxf7 Rxf7 13. h3 Nb6 14. Bxf7+ Kxf7 15. Bh6 c6 16. g4 Nbd5 17. Bxg7 Kxg7 18. Rhe1 b5 19. Nxd5 cxd5 20. Qf4 b4 21. Qe5 Kf7 22. Re3 Ra6 23. Rf3 h6 24. Kb1 Kg8 25. Ka1 Re6 26. Qb8 Rb6 27. Qf4 g5 28. Qg3 Bd7 29. Qe5 Re6 30. Qh2 Qc8 31. Qd2 Ne4 32. Qd3 Rb6 0-1

[Event "RB-2020-0-00392"]
[Site "LSS email"]
[Date "2020.06.27"]
[Round "?"]
[White "Mueller, Bernd"]
[Black "Krol, Wladyslaw"]
[Result "1/2-1/2"]
[WhiteElo "1812"]
[BlackElo "1763"]
[PlyCount "34"]
[EventDate "2020.03.04"]
[EventType "tourn (corr)"]
[EventRounds "6"]
[EventCountry "GER"]
[SourceTitle "Corr 2022"]
[Source "ChessBase"]
[SourceDate "2021.10.24"]
[SourceVersion "1"]
[SourceVersionDate "2021.10.24"]
[SourceQuality "1"]

1. b4 e5 2. Bb2 Bxb4 3. Bxe5 Nf6 4. e3 d5 5. c3 Be7 6. Bxf6 Bxf6 7. d4 c5 8. Nd2 Nc6 9. Bb5 0-0 10. Ne2 Re8 11. dxc5 Qa5 12. Qa4 Bxc3 13. Rd1 Bf5 14. Qxa5 Bxa5 15. 0-0 a6 16. Bxc6 bxc6 17. Nb3 Bc7 1/2-1/2

[Event "RB-2020-0-00392"]
[Site "LSS email"]
[Date "2020.06.27"]
[Round "?"]
[White "Peterson, Oscar"]
[Black "Krol, Wladyslaw"]
[Result "1/2-1/2"]
[WhiteElo "1850"]
[BlackElo "1763"]
[PlyCount "31"]
[EventDate "2020.03.04"]
[EventType "tourn (corr)"]
[EventRounds "6"]
[EventCountry "GER"]
[SourceTitle "Corr 2022"]
[Source "ChessBase"]
[SourceDate "2021.10.24"]
[SourceVersion "1"]
[SourceVersionDate "2021.10.24"]
[SourceQuality "1"]

1. d4 d5 2. c4 e6 3. Nf3 Nf6 4. Nc3 c5 5. cxd5 exd5 6. g3 Nc6 7. Bg2 Be7 8. 0-0 c4 9. Ne5 0-0 10. Nxc6 bxc6 11. b3 Ba6 12. Bf4 Re8 13. Bf3 Nd7 14. Re1 Nf6 15. Qc2 h6 16. Nd1 1/2-1/2

[Event "RB-2020-0-00385"]
[Site "LSS email"]
[Date "2020.01.16"]
[Round "?"]
[White "Debonis, Patrick"]
[Black "Krol, Wladyslaw"]
[Result "1/2-1/2"]
[WhiteElo "1911"]
[BlackElo "1814"]
[PlyCount "94"]
[EventDate "2019.11.21"]
[EventType "tourn (corr)"]
[EventRounds "6"]
[EventCountry "GER"]
[SourceTitle "Corr 2022"]
[Source "ChessBase"]
[SourceDate "2021.10.24"]
[SourceVersion "1"]
[SourceVersionDate "2021.10.24"]
[SourceQuality "1"]

1. d4 d5 2. c4 e6 3. Nc3 Nf6 4. cxd5 exd5 5. Bg5 Be7 6. e3 0-0 7. Bd3 h6 8. Bh4 Re8 9. Nge2 c6 10. 0-0 Nbd7 11. Qc2 Ne4 12. Bxe7 Qxe7 13. Nxe4 dxe4 14. Bc4 Nb6 15. Bb3 a5 16. Nc3 Bg4 17. a3 Rad8 18. h3 Bf5 19. Rfc1 Rd6 20. Ne2 Be6 21. Bxe6 Qxe6 22. b4 axb4 23. Nf4 Qe7 24. axb4 Nd5 25. Nxd5 Rxd5 26. Qb3 Red8 27. Rc5 g6 28. Rac1 Qe6 29. Qa3 Kg7 30. Qa7 R8d7 31. b5 cxb5 32. Rxd5 Qxd5 33. Rc5 Qe6 34. Rxb5 Rc7 35. Qa1 Qa6 36. Qb2 Rc1+ 37. Kh2 Rf1 38. d5+ Qf6 39. Qxf6+ Kxf6 40. Kg3 g5 41. Rb6+ Ke5 42. d6 Rd1 43. Rxb7 f5 44. d7 Rd6 45. f3 f4+ 46. exf4+ gxf4+ 47. Kg4 e3 1/2-1/2

[Event "ZI-2020-0-02636"]
[Site "LSS email"]
[Date "2020.01.06"]
[Round "?"]
[White "Krol, Wladyslaw"]
[Black "Madrid Sole, Antonio"]
[Result "0-1"]
[WhiteElo "1814"]
[BlackElo "1861"]
[PlyCount "88"]
[EventDate "2019.12.11"]
[EventType "match (corr)"]
[EventRounds "2"]
[EventCountry "GER"]
[SourceTitle "Corr 2022"]
[Source "ChessBase"]
[SourceDate "2021.10.24"]
[SourceVersion "1"]
[SourceVersionDate "2021.10.24"]
[SourceQuality "1"]

1. e4 e6 2. f4 d5 3. e5 c5 4. Nf3 Nc6 5. c3 Nh6 6. Na3 Nf5 7. Nc2 Be7 8. Bd3 Nh4 9. 0-0 Nxf3+ 10. Qxf3 Bd7 11. b3 g6 12. Ba3 0-0 13. Qg3 Rb8 14. Ne3 b5 15. Qh3 a5 16. Qh6 b4 17. Bb2 f5 18. c4 d4 19. Nd5 a4 20. Nxe7+ Qxe7 21. bxa4 Qg7 22. Qg5 h6 23. Qg3 g5 24. Rae1 gxf4 25. Qxf4 Ne7 26. Bc2 Kh7 27. Re2 Ng6 28. Qg3 Bc6 29. Bc1 Rg8 30. Qh3 Nxe5 31. d3 Rbe8 32. a5 Ng4 33. g3 Qf6 34. Ree1 Ne3 35. Rxe3 dxe3 36. Bxe3 Rg6 37. Bxc5 Qc3 38. Rf2 Qa1+ 39. Rf1 Qxa2 40. Bb1 Qe2 41. Bd6 Rd8 42. c5 Qe3+ 43. Rf2 Ra8 44. Qf1 Rxa5 0-1

[Event "ZI-2018-0-02442"]
[Site "LSS email"]
[Date "2018.05.25"]
[Round "?"]
[White "Dlugolecki, Grzegorz"]
[Black "Krol, Wladyslaw"]
[Result "1/2-1/2"]
[WhiteElo "1729"]
[BlackElo "1815"]
[PlyCount "73"]
[EventDate "2018.05.10"]
[EventType "match (corr)"]
[EventRounds "2"]
[EventCountry "GER"]
[SourceTitle "Corr 2022"]
[Source "ChessBase"]
[SourceDate "2021.10.24"]
[SourceVersion "1"]
[SourceVersionDate "2021.10.24"]
[SourceQuality "1"]

1. e4 e5 2. Nf3 Nc6 3. Bb5 Nf6 4. 0-0 a6 5. Bxc6 dxc6 6. Nxe5 Bc5 7. d3 Qe7 8. Nf3 Bg4 9. h3 Bh5 10. Re1 Nd7 11. Be3 Ne5 12. Nbd2 0-0-0 13. Rb1 Nxf3+ 14. Nxf3 Bd6 15. e5 Bxf3 16. exd6 Qxe3 17. dxc7 Rde8 18. Rxe3 Bxd1 19. Rxd1 Kxc7 20. Rde1 Rxe3 21. fxe3 Re8 22. Rf1 f6 23. e4 Re5 24. g4 Rb5 25. b3 Kd6 26. a4 Rc5 27. c4 Rg5 28. d4 c5 29. d5 Re5 30. Re1 h5 31. Kf2 hxg4 32. hxg4 Re8 33. Ke3 Rh8 34. Rf1 Ke7 35. a5 Rh3+ 36. Rf3 Rh1 37. Kf4 1/2-1/2

[Event "ZI-2018-0-02422"]
[Site "LSS email"]
[Date "2018.04.07"]
[Round "?"]
[White "Krol, Wladyslaw"]
[Black "Debonis, Patrick"]
[Result "1-0"]
[WhiteElo "1809"]
[BlackElo "1774"]
[PlyCount "69"]
[EventDate "2018.03.24"]
[EventType "match (corr)"]
[EventRounds "2"]
[EventCountry "GER"]
[SourceTitle "Corr 2022"]
[Source "ChessBase"]
[SourceDate "2021.10.24"]
[SourceVersion "1"]
[SourceVersionDate "2021.10.24"]
[SourceQuality "1"]

1. e4 c5 2. f4 e6 3. Nf3 d5 4. Nc3 d4 5. Bb5+ Bd7 6. Bxd7+ Qxd7 7. Ne5 Qd8 8. Nb5 Ne7 9. 0-0 a6 10. Na3 Nec6 11. Nxc6 Nxc6 12. d3 b5 13. f5 exf5 14. exf5 Be7 15. Qf3 Qd7 16. Qg3 Bf6 17. Re1+ Ne7 18. Bg5 0-0-0 19. Bxf6 gxf6 20. Qf3 Kb8 21. Nb1 Nxf5 22. a4 bxa4 23. Nd2 Ne3 24. Qxf6 Rhg8 25. Re2 Rg6 26. Qf4+ Ka7 27. Nc4 Nxc4 28. dxc4 Rb8 29. Rae1 Rb7 30. Re7 Qxe7 31. Rxe7 Rxe7 32. Qh4 Rc7 33. Qd8 Rgc6 34. Qe8 Rb7 35. Qxc6 1-0

[Event "RC-2018-0-00217"]
[Site "LSS email"]
[Date "2018.02.20"]
[Round "?"]
[White "Trani, Francesco"]
[Black "Krol, Wladyslaw"]
[Result "0-1"]
[WhiteElo "1737"]
[BlackElo "1815"]
[PlyCount "100"]
[EventDate "2017.10.02"]
[EventType "tourn (corr)"]
[EventRounds "6"]
[EventCountry "GER"]
[SourceTitle "Corr 2022"]
[Source "ChessBase"]
[SourceDate "2021.10.24"]
[SourceVersion "1"]
[SourceVersionDate "2021.10.24"]
[SourceQuality "1"]

1. c4 e5 2. Nc3 Nf6 3. Nf3 Nc6 4. d3 Bb4 5. e4 d6 6. g3 Bg4 7. h3 Bxf3 8. Qxf3 Nd4 9. Qd1 0-0 10. Bg2 Bc5 11. 0-0 h6 12. Rb1 a5 13. Kh2 c6 14. f4 Re8 15. Be3 exf4 16. Bxf4 Nd7 17. b3 Ne5 18. Bc1 Re6 19. Ne2 Rf6 20. Nf4 b5 21. Bb2 b4 22. Ba1 g5 23. Nh5 Rxf1 24. Qxf1 a4 25. Bxd4 Bxd4 26. Qf5 axb3 27. axb3 Qc8 28. Nf6+ Kf8 29. Qh7 Ke7 30. Rf1 Qh8 31. Qf5 Qg7 32. Ng4 Qg6 33. Nxe5 dxe5 34. Qg4 Ra3 35. Qd1 Ra2 36. Qg4 Rb2 37. Qd1 h5 38. Re1 Ra2 39. g4 hxg4 40. Qxg4 Qf6 41. Kh1 Qf4 42. Qxf4 exf4 43. Bf3 c5 44. Rb1 Rd2 45. Bh5 Ke6 46. Bg4+ Ke5 47. Bf3 Rxd3 48. Kg2 Rd2+ 49. Kh1 Rf2 50. Bh5 f6 0-1

[Event "RC-2018-0-00217"]
[Site "LSS email"]
[Date "2018.02.18"]
[Round "?"]
[White "Krol, Wladyslaw"]
[Black "Obukhov, Gennady Nikolaevich"]
[Result "1/2-1/2"]
[WhiteElo "1815"]
[BlackElo "1819"]
[PlyCount "55"]
[EventDate "2017.10.02"]
[EventType "tourn (corr)"]
[EventRounds "6"]
[EventCountry "GER"]
[SourceTitle "Corr 2022"]
[Source "ChessBase"]
[SourceDate "2021.10.24"]
[SourceVersion "1"]
[SourceVersionDate "2021.10.24"]
[SourceQuality "1"]

1. e4 e5 2. Nf3 Nc6 3. Bb5 Bc5 4. c3 Nf6 5. d4 exd4 6. e5 Nd5 7. cxd4 Bb4+ 8. Bd2 Bxd2+ 9. Qxd2 a6 10. Bc4 Nb6 11. Bb3 d6 12. exd6 Qxd6 13. d5 Ne7 14. Nc3 Bf5 15. 0-0 h6 16. h3 0-0 17. Rfe1 Rad8 18. Rad1 Rfe8 19. Re2 Nec8 20. Rde1 Rxe2 21. Rxe2 Nd7 22. Nd4 Bg6 23. Bc2 Nf8 24. Nb3 b6 25. Nd4 Bxc2 26. Qxc2 Ne7 27. Nf3 Nfg6 28. g3 1/2-1/2